[Event "16th 4NCL Congress"]
[Site "Coventry"]
[Date "2017.11.04"]
[Round "2"]
[Board "6"]
[White "Lentzos, Ioannis"]
[Black "Mcphillips, Joseph"]
[Result "0-1"]
[WhiteElo "2021"]
[BlackElo "2401"]
[PlyCount "86"]
[EventDate "2017.11.03"]
[EventRounds "5"]
[EventCountry "ENG"]

1. e4 c5 2. Nf3 a6 3. g3 g6 4. Bg2 Bg7 5. O-O Nc6 6. c3 Qb6 7. d3 d6 8. Nbd2
Nf6 9. Re1 O-O 10. a4 Bg4 11. h3 Bd7 12. Nc4 Qc7 13. a5 Rad8 14. Be3 Be6 15.
Nfd2 Nd7 16. f4 f5 17. Bf2 fxe4 18. dxe4 Nf6 19. Qe2 Kh8 20. e5 dxe5 21. Bxc5
Nd7 22. Be3 Bg8 23. Nf3 exf4 24. Bxf4 Rxf4 25. gxf4 Qxf4 26. Ne3 Nf6 27. Rad1
Rf8 28. Nd4 Nxa5 29. Ng4 Nxg4 30. hxg4 Bf6 31. Ne6 Bxe6 32. Qxe6 Nc6 33. Rf1
Qb8 34. Bxc6 bxc6 35. Qxc6 Rc8 36. Qg2 Qb6+ 37. Qf2 Qe6 38. Qg3 Rc4 39. Rf4 Be5
40. Rf8+ Kg7 41. Qf3 Rxg4+ 42. Kf2 Bf6 43. Rdd8 Bh4+ 0-1

[Event "16th 4NCL Congress"]
[Site "Coventry"]
[Date "2017.11.04"]
[Round "2"]
[Board "7"]
[White "Sowray, Peter J"]
[Black "Rushbrooke, Remy"]
[Result "1-0"]
[WhiteElo "2322"]
[BlackElo "1788"]
[PlyCount "53"]
[EventDate "2017.11.03"]
[EventRounds "5"]
[EventCountry "ENG"]

1. d4 f5 2. Bg5 h6 3. Bh4 g5 4. e3 Nf6 5. Bg3 d6 6. Bc4 Nc6 7. h4 g4 8. Nc3 a6
9. Nge2 e5 10. h5 Na5 11. Bb3 Nxb3 12. axb3 Qe7 13. dxe5 dxe5 14. Ra5 b5 15.
Nd5 Nxd5 16. Qxd5 Qb4+ 17. Nc3 Qxa5 18. Qxa8 Kd8 19. Bxe5 Qa1+ 20. Nd1 Rh7 21.
Bf6+ Kd7 22. Qd5+ Ke8 23. Qd8+ Kf7 24. Qxc8 Kxf6 25. Qxf8+ Rf7 26. Qxh6+ Ke5
27. O-O 1-0

[Event "16th 4NCL Congress"]
[Site "Coventry"]
[Date "2017.11.04"]
[Round "2"]
[Board "8"]
[White "Turner, Matthew J"]
[Black "Patel, Devan"]
[Result "1-0"]
[WhiteElo "2545"]
[BlackElo "1560"]
[PlyCount "105"]
[EventDate "2017.11.03"]
[EventRounds "5"]
[EventCountry "ENG"]

1. c4 c5 2. g3 Nf6 3. Bg2 Nc6 4. Nf3 g6 5. Nc3 Bg7 6. O-O O-O 7. d3 a6 8. a3
Rb8 9. Rb1 b5 10. cxb5 axb5 11. b4 cxb4 12. axb4 d5 13. Bf4 Rb6 14. Qc1 Bb7 15.
Bg5 Ng4 16. h3 Nge5 17. Nd2 h6 18. Bf4 e6 19. Nb3 g5 20. Bd2 Nxb4 21. Na5 Nec6
22. Nxb7 Rxb7 23. Nxd5 exd5 24. Bxb4 Nxb4 25. Rxb4 Qd7 26. Qc2 Rb6 27. Qc5 Rd6
28. Rxb5 Bd4 29. Qb4 Bc3 30. Qb3 d4 31. e4 dxe3 32. Rb7 exf2+ 33. Rxf2 Bd4 34.
Rxd7 Bxf2+ 35. Kxf2 Rxd7 36. Be4 Rd6 37. Kf3 Rf6+ 38. Kg4 Rf2 39. Kh5 Kg7 40.
Qc3+ f6 41. Bg6 Rf7 42. Bxf7 Kxf7 43. Qc7+ Ke6 44. Qb6+ Ke5 45. Qxf2 Kd5 46.
Kg6 Ke5 47. Qc5+ Ke6 48. d4 Kd7 49. d5 f5 50. Kf7 f4 51. Qc6+ Kd8 52. d6 fxg3
53. Qc7# 1-0

[Event "16th 4NCL Congress"]
[Site "Coventry"]
[Date "2017.11.04"]
[Round "2"]
[Board "9"]
[White "Arkell, Keith C"]
[Black "Verma, Aditya"]
[Result "1-0"]
[WhiteElo "2423"]
[BlackElo "2071"]
[PlyCount "57"]
[EventDate "2017.11.03"]
[EventRounds "5"]
[EventCountry "ENG"]

1. Nf3 d5 2. c4 c6 3. d4 Nf6 4. Qc2 dxc4 5. Qxc4 Bf5 6. g3 e6 7. Bg2 Nbd7 8.
O-O Be7 9. Bg5 h6 10. Bxf6 Bxf6 11. Nc3 O-O 12. b4 Nb6 13. Qb3 Nd5 14. Ne5 Bxe5
15. dxe5 Qc7 16. e4 Nxc3 17. Qxc3 Bg6 18. Rac1 Qb6 19. a3 Rfd8 20. Rfd1 Rxd1+
21. Rxd1 Rd8 22. Rd6 Rxd6 23. exd6 Kf8 24. h4 f6 25. e5 f5 26. Qc4 Bf7 27. h5
Ke8 28. g4 Kd7 29. gxf5 1-0

[Event "16th 4NCL Congress"]
[Site "Coventry"]
[Date "2017.11.04"]
[Round "2"]
[Board "10"]
[White "Jukes, Sam"]
[Black "Varney, Zoe"]
[Result "0-1"]
[WhiteElo "1745"]
[BlackElo "2042"]
[PlyCount "132"]
[EventDate "2017.11.03"]
[EventRounds "5"]
[EventCountry "ENG"]

1. e4 e5 2. Nf3 Nc6 3. Bc4 Bc5 4. c3 Nf6 5. d3 d6 6. Bb3 O-O 7. O-O Bb6 8. Nbd2
a6 9. Nc4 Ba7 10. Be3 b5 11. Ncd2 Na5 12. Bc2 c5 13. Qe2 Nc6 14. h3 h6 15. Rfd1
Re8 16. Nf1 Be6 17. Bc1 Qc7 18. Ng3 d5 19. Nh4 Rad8 20. exd5 Nxd5 21. Ngf5 Nf6
22. Qf3 Bxf5 23. Nxf5 e4 24. Nxh6+ Kf8 25. dxe4 Rxd1+ 26. Qxd1 gxh6 27. Bxh6+
Ke7 28. Bg5 Rg8 29. f4 Ke6 30. Qf3 c4+ 31. Kh1 Nh7 32. Qg4+ Kd6 33. Qf5 Nxg5
34. Rd1+ Nd4 35. fxg5 Ke7 36. cxd4 Qg3 37. e5 Rxg5 38. Qf6+ Ke8 39. Be4 Rh5 40.
Bc6+ Kf8 41. Qd8+ Kg7 42. Qf6+ Kf8 43. Bd7 Rg5 44. Qh8+ Rg8 45. Qh6+ Rg7 46.
Qh8+ Rg8 47. Qh6+ Rg7 48. Bg4 Kg8 49. Qd6 Rg6 50. Qd8+ Kg7 51. e6 Bb8 52. Kg1
Rf6 53. Qxf6+ Kxf6 54. Rf1+ Bf4 55. exf7 Kxf7 56. Bf3 Be3+ 57. Kh1 Bxd4 58.
Bb7+ Ke6 59. Bxa6 Be5 60. Kg1 Qh2+ 61. Kf2 Qf4+ 62. Ke2 Qe4+ 63. Kf2 Qd4+ 64.
Kf3 Qd3+ 65. Kf2 Bd4+ 66. Ke1 Qb1+ 0-1

[Event "16th 4NCL Congress"]
[Site "Coventry"]
[Date "2017.11.04"]
[Round "2"]
[Board "11"]
[White "Roberson, Peter T"]
[Black "French, Max"]
[Result "1-0"]
[WhiteElo "2403"]
[BlackElo "1991"]
[PlyCount "103"]
[EventDate "2017.11.03"]
[EventRounds "5"]
[EventCountry "ENG"]

1. e4 c6 2. d4 d5 3. e5 c5 4. dxc5 Nc6 5. Nf3 Bg4 6. c3 e6 7. Be3 Nge7 8. Nbd2
Nf5 9. Bd4 f6 10. Qa4 Bxf3 11. Nxf3 Be7 12. Bd3 Nfxd4 13. cxd4 O-O 14. exf6
Bxf6 15. O-O e5 16. dxe5 Nxe5 17. Nxe5 Bxe5 18. Rad1 Qc7 19. Qh4 g6 20. Qh3 Rf6
21. Bc4 Qxc5 22. Bxd5+ Kh8 23. b4 Qb6 24. Bxb7 Raf8 25. Rd7 h5 26. Bf3 Rf5 27.
Qh4 Bd6 28. Rb7 Qd8 29. Qd4+ Be5 30. Qxd8 Rxd8 31. Rxa7 Rd2 32. Rd1 Rxd1+ 33.
Bxd1 Bd4 34. Ra8+ Kg7 35. Bf3 g5 36. Rd8 Bc3 37. Rd7+ Kf8 38. Bxh5 Bxb4 39. h3
Ra5 40. Bf7 Be7 41. Bb3 Ke8 42. Rd5 Rxd5 43. Bxd5 Bb4 44. Kf1 Ke7 45. Ke2 Kd6
46. Bb3 Bc5 47. a4 Bb6 48. Kf3 Ke5 49. Kg4 Bxf2 50. Kxg5 Be3+ 51. Kg4 Kf6 52.
a5 1-0

[Event "16th 4NCL Congress"]
[Site "Coventry"]
[Date "2017.11.04"]
[Round "2"]
[Board "12"]
[White "Munshi, Aditya"]
[Black "Arakhamia-Grant, Ketevan E"]
[Result "0-1"]
[WhiteElo "1986"]
[BlackElo "2369"]
[PlyCount "78"]
[EventDate "2017.11.03"]
[EventRounds "5"]
[EventCountry "ENG"]

1. e4 g6 2. d4 Bg7 3. Nf3 d6 4. Bc4 Nf6 5. Qe2 c6 6. e5 dxe5 7. dxe5 Nd5 8. O-O
O-O 9. Nbd2 b5 10. Bb3 a5 11. a3 Na6 12. Rd1 Nc5 13. Ba2 Qb6 14. Nf1 Bb7 15.
Bxd5 cxd5 16. Be3 b4 17. axb4 axb4 18. N1d2 Qc6 19. Nd4 Qc8 20. N2f3 f6 21.
exf6 Bxf6 22. Bh6 Re8 23. Ne5 Ne4 24. Rxa8 Bxa8 25. Ng4 Bh8 26. f3 Nd6 27. Ne5
Bb7 28. h4 Bf6 29. h5 gxh5 30. f4 Kh8 31. Qxh5 Rg8 32. Kh2 Qe8 33. Qh3 Bc8 34.
Ne6 Bxe6 35. Qxe6 Qh5+ 36. Qh3 Qxd1 37. g4 Qxc2+ 38. Kg1 Qc1+ 39. Kf2 Qxb2+ 0-1

[Event "16th 4NCL Congress"]
[Site "Coventry"]
[Date "2017.11.04"]
[Round "2"]
[Board "13"]
[White "Richardson, John R"]
[Black "Modi, Shyam Jagdish"]
[Result "1-0"]
[WhiteElo "2252"]
[BlackElo "1938"]
[PlyCount "45"]
[EventDate "2017.11.03"]
[EventRounds "5"]
[EventCountry "ENG"]

1. d4 Nf6 2. c4 g6 3. g3 Bg7 4. Bg2 O-O 5. Nc3 d6 6. Nf3 Nbd7 7. O-O e5 8. e4
c6 9. h3 Qb6 10. c5 dxc5 11. dxe5 Ne8 12. Na4 Qb4 13. Bd2 Qxe4 14. Re1 Qd5 15.
g4 Qe6 16. Ng5 Qe7 17. e6 fxe6 18. Nxe6 Qf7 19. Nxf8 Qxf8 20. Qb3+ Kh8 21. Qf3
Qxf3 22. Bxf3 Ne5 23. Rxe5 1-0

[Event "16th 4NCL Congress"]
[Site "Coventry"]
[Date "2017.11.04"]
[Round "2"]
[Board "14"]
[White "Yoon, Jacob D"]
[Black "Roe, Simon J"]
[Result "1-0"]
[WhiteElo "2009"]
[BlackElo "2235"]
[PlyCount "89"]
[EventDate "2017.11.03"]
[EventRounds "5"]
[EventCountry "ENG"]

1. e4 Nf6 2. e5 Nd5 3. d4 d6 4. c4 Nb6 5. exd6 exd6 6. Nf3 Be7 7. Bd3 Bg4 8.
O-O O-O 9. h3 Bh5 10. Nbd2 Nc6 11. Qc2 Bg6 12. Bxg6 hxg6 13. d5 Nb4 14. Qb3 a5
15. Ne4 Re8 16. Bd2 Qd7 17. a3 Na6 18. Bxa5 f5 19. Ned2 Nc5 20. Qb4 Nd3 21. Qb3
Nc5 22. Qb4 Nba4 23. b3 b6 24. bxa4 Rxa5 25. Nb3 Rxa4 26. Nxc5 bxc5 27. Qb3 Bf6
28. Ra2 Re4 29. Nd2 Re2 30. Nf3 Rxa2 31. Qxa2 Qe8 32. Re1 Qa8 33. Re3 Kh7 34.
Qb3 Ra7 35. h4 Qb7 36. Qd3 Ra8 37. Kh2 Qb2 38. h5 Qxf2 39. Re2 Qf1 40. hxg6+
Kxg6 41. Nh4+ Kh7 42. Nxf5 Rxa3 43. Qe4 Be5+ 44. Ng3+ Kg8 45. Qxe5 1-0

[Event "16th 4NCL Congress"]
[Site "Coventry"]
[Date "2017.11.04"]
[Round "2"]
[Board "15"]
[White "Asenov, Pavel"]
[Black "Han, Yichen"]
[Result "0-1"]
[WhiteElo "2197"]
[BlackElo "1835"]
[PlyCount "116"]
[EventDate "2017.11.03"]
[EventRounds "5"]
[EventCountry "ENG"]

1. d4 Nf6 2. c4 g6 3. Nc3 Bg7 4. e4 d6 5. f3 O-O 6. Be3 e5 7. Nge2 exd4 8. Nxd4
c6 9. Qd2 a6 10. O-O-O b5 11. Nc2 Ne8 12. Bh6 Bxh6 13. Qxh6 Nd7 14. h4 Qf6 15.
h5 Qg7 16. hxg6 Qxh6+ 17. Rxh6 fxg6 18. Be2 Ne5 19. cxb5 axb5 20. Rh4 g5 21.
Rh5 Nf7 22. Kb1 Ng7 23. Rhh1 Ne6 24. Rd2 Nf4 25. Bf1 Bd7 26. a3 Rae8 27. Nd4
Ne5 28. Rh6 Nfg6 29. Be2 Kg7 30. Rh5 h6 31. g3 Rf6 32. Nf5+ Bxf5 33. exf5 Rxf5
34. f4 Nf7 35. Bg4 Rc5 36. Ne2 Re4 37. Nd4 Rd5 38. Ne6+ Kf6 39. Rxd5 cxd5 40.
Nc7 d4 41. Nxb5 d3 42. Kc1 Re3 43. fxg5+ hxg5 44. Nc3 Ke5 45. Rh3 Kd4 46. Nb5+
Kc4 47. Kd2 Re7 48. Nc3 Nfe5 49. Bd1 Kd4 50. Rh5 Nc4+ 51. Kc1 Rb7 52. Rxg5 d2+
53. Kb1 Rxb2+ 54. Ka1 Kxc3 55. Rxg6 Nxa3 56. Rxd6 Rb1+ 57. Ka2 Rxd1 58. Rc6+
Nc4 0-1

[Event "16th 4NCL Congress"]
[Site "Coventry"]
[Date "2017.11.04"]
[Round "2"]
[Board "16"]
[White "Hynes, Am (tony)"]
[Black "Kapoor, Gurveen"]
[Result "1/2-1/2"]
[WhiteElo "2150"]
[BlackElo "1787"]
[PlyCount "65"]
[EventDate "2017.11.03"]
[EventRounds "5"]
[EventCountry "ENG"]

1. e4 g6 2. d4 Bg7 3. Nc3 c6 4. f4 d5 5. e5 Nh6 6. Nf3 f6 7. Be3 O-O 8. exf6
exf6 9. Qd2 a5 10. O-O-O a4 11. a3 b5 12. h3 Nd7 13. g4 Nf7 14. h4 Nb6 15. Qg2
b4 16. Nb1 Nd6 17. axb4 Nbc4 18. Bxc4 Nxc4 19. Bd2 Qd7 20. Rdg1 a3 21. bxa3 Qa7
22. Re1 Nxa3 23. Bc3 c5 24. dxc5 Nxb1 25. Kxb1 Bxg4 26. Nd2 Qa2+ 27. Kc1 Ra3
28. Nb3 Be6 29. Rxe6 Rxb3 30. Ra6 Ra3 31. Rxa3 Qxa3+ 32. Kd2 Qa2 33. Qf2
 1/2-1/2

[Event "16th 4NCL Congress"]
[Site "Coventry"]
[Date "2017.11.04"]
[Round "2"]
[Board "17"]
[White "Modi, Kishan J"]
[Black "Willow, Jonah B"]
[Result "0-1"]
[WhiteElo "1772"]
[BlackElo "2144"]
[PlyCount "83"]
[EventDate "2017.11.03"]
[EventRounds "5"]
[EventCountry "ENG"]

1. e4 c5 2. b3 e6 3. Bb2 b6 4. Nc3 Bb7 5. f4 Nc6 6. Nf3 d5 7. d3 Nf6 8. e5 Ng4
9. Qd2 d4 10. Nd1 Nb4 11. Be2 Nd5 12. O-O h5 13. f5 exf5 14. c3 g6 15. cxd4 Bh6
16. Qe1 Nde3 17. dxc5 Nxf1 18. e6 O-O 19. Bxf1 Qe7 20. exf7+ Rxf7 21. Qc3 Qxc5+
22. Qxc5 bxc5 23. d4 Bxf3 24. gxf3 Ne3 25. dxc5 Nxf1 26. Kxf1 Bg7 27. Rc1 Bxb2
28. Nxb2 a5 29. Nc4 Rc7 30. Nb6 Rd8 31. a3 Rd3 32. b4 axb4 33. axb4 Kf7 34. b5
Rxf3+ 35. Ke2 Rb3 36. Nd5 Rd7 37. Nb6 Re7+ 38. Kf2 Rxb5 39. Nc8 Rb2+ 40. Kf1
Rc7 41. Nd6+ Ke6 42. Nc4 0-1

[Event "16th 4NCL Congress"]
[Site "Coventry"]
[Date "2017.11.04"]
[Round "2"]
[Board "18"]
[White "Mason, Donald J"]
[Black "Rahulan, Thivyaa"]
[Result "1-0"]
[WhiteElo "2125"]
[BlackElo "1737"]
[PlyCount "63"]
[EventDate "2017.11.03"]
[EventRounds "5"]
[EventCountry "ENG"]

1. e4 e6 2. d4 d5 3. Be3 Nf6 4. e5 Nfd7 5. f4 c5 6. c3 Nc6 7. Nf3 a6 8. Bd3 b5
9. O-O Bb7 10. f5 Be7 11. fxe6 fxe6 12. Ng5 Nf8 13. Nf7 Qc7 14. Nxh8 O-O-O 15.
Nf7 Re8 16. Qh5 g6 17. Qh6 c4 18. Be2 a5 19. Nd2 Kb8 20. Bg5 Bxg5 21. Nxg5 Qc8
22. Rf7 Ba6 23. Raf1 Nd7 24. Rxh7 Nb6 25. Nf7 Rg8 26. Nd6 Qd8 27. Rhf7 Nd7 28.
Qh7 Nb6 29. Rb7+ Ka8 30. Rxb6 Bc8 31. Nxc8 Qxc8 32. Rxc6 1-0

[Event "16th 4NCL Congress"]
[Site "Coventry"]
[Date "2017.11.04"]
[Round "2"]
[Board "19"]
[White "Akeya-Price, Robert A"]
[Black "Burrows, Martin P"]
[Result "1/2-1/2"]
[WhiteElo "1686"]
[BlackElo "2085"]
[PlyCount "44"]
[EventDate "2017.11.03"]
[EventRounds "5"]
[EventCountry "ENG"]

1. d4 Nf6 2. c4 e6 3. Nf3 b6 4. g3 Ba6 5. b3 Bb7 6. Bg2 Bb4+ 7. Bd2 a5 8. a3
Be7 9. Nc3 d5 10. Ne5 O-O 11. O-O Nbd7 12. Bf4 c6 13. e4 dxe4 14. Nxe4 Rc8 15.
Nxf6+ Nxf6 16. Qd2 Ba8 17. b4 a4 18. Rfd1 b5 19. Rac1 Qb6 20. Be3 Qb8 21. Bf4
Qb6 22. Be3 Qb8 1/2-1/2

[Event "16th 4NCL Congress"]
[Site "Coventry"]
[Date "2017.11.04"]
[Round "2"]
[Board "20"]
[White "Ther, Mate"]
[Black "Moore, Gerald"]
[Result "1/2-1/2"]
[WhiteElo "1549"]
[BlackElo "2071"]
[PlyCount "57"]
[EventDate "2017.11.03"]
[EventRounds "5"]
[EventCountry "ENG"]

1. e4 c5 2. c4 Nc6 3. Ne2 Nf6 4. Nbc3 e6 5. d4 cxd4 6. Nxd4 Bb4 7. Nxc6 bxc6 8.
e5 Ne4 9. Qg4 Nxc3 10. a3 Bf8 11. bxc3 Qa5 12. Qg3 g6 13. Bd2 Bg7 14. f4 O-O
15. Be2 f6 16. exf6 Bxf6 17. O-O Ba6 18. Kh1 Rab8 19. Rf3 d5 20. f5 exf5 21.
Rxf5 Bg7 22. Rxf8+ Rxf8 23. Qe3 Bxc4 24. Bxc4 dxc4 25. Qe6+ Kh8 26. Qxc4 Qd5
27. Qxd5 cxd5 28. Kg1 Rc8 29. Rb1 1/2-1/2

[Event "16th 4NCL Congress"]
[Site "Coventry"]
[Date "2017.11.04"]
[Round "2"]
[Board "21"]
[White "Hebden, Mark L"]
[Black "Phillips, David"]
[Result "1-0"]
[WhiteElo "2460"]
[BlackElo "1784"]
[PlyCount "58"]
[EventDate "2017.11.03"]
[EventRounds "5"]
[EventCountry "ENG"]

1. d4 Nc6 2. Nf3 d6 3. e4 Bg4 4. Bb5 a6 5. Bxc6+ bxc6 6. h3 Bh5 7. Nc3 e6 8.
Qe2 d5 9. g4 Bg6 10. Bg5 Be7 11. Bxe7 Nxe7 12. e5 Qb8 13. O-O-O Qb4 14. a3 Qb6
15. Rhe1 h5 16. Ng5 Rb8 17. Na4 Qb5 18. b3 Qxe2 19. Rxe2 a5 20. Nc5 Nc8 21. f4
Nb6 22. Rf1 hxg4 23. hxg4 Rh4 24. f5 Rxg4 25. fxg6 Rxg5 26. Rh2 Nd7 27. Rh8+
Nf8 28. Rxf7 Rg1+ 29. Kb2 Rxb3+ 1-0

[Event "16th 4NCL Congress"]
[Site "Coventry"]
[Date "2017.11.04"]
[Round "2"]
[Board "22"]
[White "Bates, Richard A"]
[Black "Okhai, Shabir"]
[Result "0-1"]
[WhiteElo "2397"]
[BlackElo "2075"]
[PlyCount "64"]
[EventDate "2017.11.03"]
[EventRounds "5"]
[EventCountry "ENG"]

1. d4 Nf6 2. Nf3 e6 3. c4 d5 4. Nc3 Be7 5. Bg5 O-O 6. e3 b6 7. Be2 Bb7 8. Bxf6
Bxf6 9. cxd5 exd5 10. b4 c6 11. O-O a5 12. bxa5 b5 13. a4 Qxa5 14. Qb3 b4 15.
Rfb1 Be7 16. Ne5 Ra7 17. Nd1 c5 18. dxc5 Bf6 19. f4 Nc6 20. Bb5 Nxe5 21. fxe5
Bxe5 22. Ra2 Qc7 23. Qxb4 Bxh2+ 24. Kh1 Bg3 25. Nf2 Qe5 26. Qd4 Qh5+ 27. Kg1
Bc8 28. Rd2 Re7 29. Rbd1 Re4 30. Nxe4 dxe4 31. Qxe4 Bg4 32. Qxg4 Qxg4 0-1

[Event "16th 4NCL Congress"]
[Site "Coventry"]
[Date "2017.11.04"]
[Round "2"]
[Board "23"]
[White "Grieve, Harry"]
[Black "Koehn, Lennart"]
[Result "1-0"]
[WhiteElo "2221"]
[BlackElo "2069"]
[PlyCount "83"]
[EventDate "2017.11.03"]
[EventRounds "5"]
[EventCountry "ENG"]

1. d4 Nf6 2. Bg5 d5 3. Bxf6 exf6 4. e3 Bd6 5. g3 c6 6. Ne2 Bg4 7. Bg2 Qb6 8. b3
a5 9. O-O a4 10. Nbc3 axb3 11. axb3 Rxa1 12. Qxa1 O-O 13. Qb2 Na6 14. Ra1 Be6
15. e4 dxe4 16. Nxe4 Be7 17. Nf4 Rd8 18. Nxe6 fxe6 19. c3 c5 20. dxc5 Nxc5 21.
Nxc5 Bxc5 22. b4 Bd6 23. Kh1 Bc5 24. f4 Be3 25. Qb3 Kh8 26. Rd1 Rxd1+ 27. Qxd1
Qc7 28. c4 e5 29. fxe5 Bb6 30. Qd6 Qd8 31. c5 fxe5 32. Qxd8+ Bxd8 33. Bxb7 Kg8
34. Kg2 Kf7 35. Kf3 Kf6 36. Ke4 Bc7 37. Kd5 Bb8 38. b5 h5 39. b6 e4 40. c6 e3
41. Ba6 Ke7 42. c7 1-0

[Event "16th 4NCL Congress"]
[Site "Coventry"]
[Date "2017.11.04"]
[Round "2"]
[Board "24"]
[White "Lam, Paul Gm"]
[Black "Bourne, Johnathan D"]
[Result "1-0"]
[WhiteElo "2117"]
[BlackElo "1954"]
[PlyCount "73"]
[EventDate "2017.11.03"]
[EventRounds "5"]
[EventCountry "ENG"]

1. d4 Nf6 2. Nc3 d5 3. Bf4 e6 4. e3 Bd6 5. Bg3 O-O 6. Nf3 Bxg3 7. hxg3 c5 8.
Ne5 Nc6 9. Bd3 g6 10. Nxc6 bxc6 11. Na4 cxd4 12. exd4 e5 13. dxe5 Ng4 14. Be2
Nxe5 15. Qd4 Re8 16. O-O-O Qf6 17. Rh4 Nd7 18. Qxf6 Nxf6 19. Bf3 Be6 20. Nc5
Rad8 21. Ra4 Re7 22. Re1 Rb8 23. Re3 Rb5 24. b4 Ne8 25. c4 dxc4 26. Bxc6 Rb8
27. Bd5 Nd6 28. Nxe6 fxe6 29. Rxe6 Rxe6 30. Bxe6+ Kg7 31. Ra6 Nb5 32. Rc6 Nd4
33. Rc7+ Kf6 34. Bxc4 Rxb4 35. a3 Ra4 36. Kb2 h6 37. Rc5 1-0

[Event "16th 4NCL Congress"]
[Site "Coventry"]
[Date "2017.11.04"]
[Round "2"]
[Board "25"]
[White "White, Stuart A"]
[Black "Camp, Imogen Al"]
[Result "1-0"]
[WhiteElo "2098"]
[BlackElo "1855"]
[PlyCount "101"]
[EventDate "2017.11.03"]
[EventRounds "5"]
[EventCountry "ENG"]

1. d4 d5 2. c4 e6 3. Nc3 Nf6 4. cxd5 exd5 5. Bg5 Be7 6. e3 c6 7. Bd3 O-O 8. Qc2
Nbd7 9. Nge2 Re8 10. O-O Nf8 11. f3 Nh5 12. Bxe7 Qxe7 13. e4 Be6 14. Rae1 Rac8
15. Qd2 Qd8 16. e5 g6 17. Kh1 Ng7 18. g4 a6 19. b4 Nd7 20. h3 f6 21. f4 f5 22.
g5 b5 23. a4 Nb6 24. a5 Nc4 25. Qc1 Bf7 26. Na2 Ne6 27. Qc3 Qc7 28. Nac1 Qa7
29. Bc2 Kg7 30. Kg2 Rh8 31. Nb3 Qe7 32. Ng3 Qd7 33. Kf3 Rce8 34. Rh1 Qc8 35. h4
Nc7 36. Rh2 Be6 37. Reh1 h5 38. gxh6+ Rxh6 39. Nc5 Reh8 40. Ke2 Kf7 41. Qf3 Ne8
42. h5 Ke7 43. Qg2 gxh5 44. Nxe6 Qxe6 45. Nxf5+ Kd7 46. Nxh6 Qxh6 47. Qg5 Qf8
48. Rxh5 Rxh5 49. Rxh5 Qxb4 50. Rh7+ Kc8 51. Bf5+ 1-0

[Event "16th 4NCL Congress"]
[Site "Coventry"]
[Date "2017.11.04"]
[Round "2"]
[Board "26"]
[White "Metcalfe, Charlie P"]
[Black "Jarmany, John"]
[Result "0-1"]
[WhiteElo "1790"]
[BlackElo "2095"]
[PlyCount "98"]
[EventDate "2017.11.03"]
[EventRounds "5"]
[EventCountry "ENG"]

1. d4 d5 2. Nf3 Nf6 3. c4 c6 4. Nc3 dxc4 5. a4 Bf5 6. e3 e6 7. Bxc4 Bb4 8. O-O
Nbd7 9. Qe2 O-O 10. e4 Bg6 11. Bd3 Bh5 12. e5 Nd5 13. Nxd5 cxd5 14. Qe3 Be7 15.
Bd2 Bg6 16. Be2 a5 17. Ng5 Nb8 18. f4 Nc6 19. g4 h6 20. Nh3 f5 21. Nf2 Rc8 22.
Rac1 Qb6 23. Bc3 Nb4 24. Qg3 Na2 25. Ra1 Nxc3 26. bxc3 Qb2 27. Bd3 Qxc3 28. h4
Qxd4 29. h5 Be8 30. g5 Kh7 31. Kh2 Bxh5 32. Rfd1 Bxd1 33. Rxd1 Qxa4 34. Rg1 g6
35. gxh6 Rg8 36. Nh3 Qe8 37. Ng5+ Bxg5 38. Qxg5 Qd8 39. Qg3 Rc3 40. Rb1 Qe7 41.
Rb5 a4 42. Kg2 Ra8 43. Qe3 a3 44. Rb1 a2 45. Ra1 Raa3 46. Rxa2 Rxa2+ 47. Kf3
Qa3 48. Kg3 Rxd3 49. Kh4 Qe7+ 0-1

[Event "16th 4NCL Congress"]
[Site "Coventry"]
[Date "2017.11.04"]
[Round "2"]
[Board "27"]
[White "Coleman, David J"]
[Black "Gonem, Sherif"]
[Result "0-1"]
[WhiteElo "2093"]
[BlackElo "1785"]
[PlyCount "112"]
[EventDate "2017.11.03"]
[EventRounds "5"]
[EventCountry "ENG"]

1. e4 e5 2. Nf3 Nf6 3. d4 exd4 4. e5 Ne4 5. Qxd4 d5 6. exd6 Nxd6 7. Nc3 Nc6 8.
Qf4 Qe7+ 9. Be3 Be6 10. Bd3 g6 11. O-O Bg7 12. Rfe1 O-O-O 13. Qa4 Kb8 14. Bc5
Qf6 15. Rad1 Nc8 16. Ne4 Qf4 17. Be3 Qg4 18. h3 Qh5 19. Neg5 Ne5 20. Nxe5 Bxe5
21. Be2 Qxe2 22. Bxa7+ Nxa7 23. Rb1 Qc4 24. Qxc4 Bxc4 25. Rxe5 Nc6 26. Re3 Bxa2
27. Ra1 Bc4 28. b3 Be6 29. c4 Nd4 30. Ra2 h6 31. Ne4 Nxb3 32. Ra4 Nd4 33. Rea3
c6 34. Nc5 Kc7 35. Ra7 Bc8 36. Nd3 Rhe8 37. R7a5 Re2 38. c5 g5 39. Rc3 f5 40.
Ra4 f4 41. Kf1 f3 42. gxf3 Bxh3+ 43. Kg1 Nxf3+ 44. Kh1 Rd2 45. Ne1 Rd1 46. Rxf3
Rxe1+ 47. Kh2 Be6 48. Rf6 Bd5 49. f3 h5 50. Rf5 Rc1 51. Rxg5 Bxf3 52. Rf5 Bg4
53. Rf7+ Rd7 54. Rxd7+ Kxd7 55. Ra5 Ke6 56. Ra7 Rb1 0-1

[Event "16th 4NCL Congress"]
[Site "Coventry"]
[Date "2017.11.04"]
[Round "3"]
[Board "1"]
[White "Mcphillips, Joseph"]
[Black "Tan, Justin Hy"]
[Result "1/2-1/2"]
[WhiteElo "2401"]
[BlackElo "2453"]
[PlyCount "40"]
[EventDate "2017.11.03"]
[EventRounds "5"]
[EventCountry "ENG"]

1. e4 e5 2. Nf3 Nc6 3. Bb5 a6 4. Ba4 Nf6 5. O-O Be7 6. Re1 b5 7. Bb3 d6 8. c3
O-O 9. d3 Na5 10. Bc2 c5 11. Nbd2 Nc6 12. Nf1 Re8 13. h3 Bf8 14. Ng3 h6 15. d4
cxd4 16. cxd4 Nxd4 17. Nxd4 exd4 18. Qxd4 Be6 19. b3 Rc8 20. Qd3 Qc7 1/2-1/2

[Event "16th 4NCL Congress"]
[Site "Coventry"]
[Date "2017.11.04"]
[Round "3"]
[Board "2"]
[White "Williams, Simon K"]
[Black "Sowray, Peter J"]
[Result "1/2-1/2"]
[WhiteElo "2437"]
[BlackElo "2322"]
[PlyCount "109"]
[EventDate "2017.11.03"]
[EventRounds "5"]
[EventCountry "ENG"]

1. d4 d5 2. c4 e6 3. Nc3 Nf6 4. Nf3 Be7 5. Bf4 O-O 6. e3 b6 7. Bd3 dxc4 8. Bxc4
Bb7 9. O-O c5 10. dxc5 bxc5 11. Nb5 Nbd7 12. Bc7 Qc8 13. Bd6 Bxf3 14. Qxf3 Bxd6
15. Nxd6 Qc7 16. Ne4 Qe5 17. Nxf6+ Nxf6 18. Qe2 Rab8 19. b3 Rfd8 20. Rad1 h6
21. h3 Ne4 22. Qc2 Nf6 23. Be2 Rbc8 24. Ba6 Rb8 25. Rc1 Rd6 26. Be2 Rbd8 27.
Rfd1 Rxd1+ 28. Bxd1 g5 29. Bf3 Rc8 30. Qc4 Nd5 31. Bxd5 exd5 32. Qa6 Rc7 33.
Qxh6 c4 34. Qh5 Kg7 35. Qd1 Rc5 36. Qd2 a5 37. Kf1 f6 38. Kg1 Rc8 39. bxc4 Rxc4
40. Rd1 a4 41. g3 Qe4 42. Qxd5 Qxd5 43. Rxd5 Rc2 44. a3 Rc3 45. Ra5 Rxa3 46.
Kg2 Ra2 47. g4 Ra3 48. Kg3 Ra1 49. Kf3 a3 50. Ke4 Rh1 51. Rxa3 Rxh3 52. Kd5 Rh1
53. e4 Rb1 54. Ra6 Rb2 55. e5 1/2-1/2

[Event "16th 4NCL Congress"]
[Site "Coventry"]
[Date "2017.11.04"]
[Round "3"]
[Board "3"]
[White "Merry, Alan B"]
[Black "Jackson, James P"]
[Result "1-0"]
[WhiteElo "2422"]
[BlackElo "2304"]
[PlyCount "45"]
[EventDate "2017.11.03"]
[EventRounds "5"]
[EventCountry "ENG"]

1. e4 c5 2. Nf3 Nc6 3. Bb5 g6 4. Bxc6 bxc6 5. O-O Bg7 6. Re1 e5 7. c3 Ne7 8. d4
cxd4 9. cxd4 exd4 10. Nxd4 O-O 11. Nc3 d6 12. Bg5 Bb7 13. Qd2 Re8 14. Rad1 Qb6
15. Nb3 Nc8 16. Qf4 Be5 17. Qh4 Ba6 18. Re3 Bc4 19. Nd2 Be6 20. Nf3 Bh8 21. e5
d5 22. Bf6 Qc7 23. Qh6 1-0

[Event "16th 4NCL Congress"]
[Site "Coventry"]
[Date "2017.11.04"]
[Round "3"]
[Board "4"]
[White "Arkell, Keith C"]
[Black "Britton, Richard L"]
[Result "1-0"]
[WhiteElo "2423"]
[BlackElo "2221"]
[PlyCount "33"]
[EventDate "2017.11.03"]
[EventRounds "5"]
[EventCountry "ENG"]

1. d4 Nf6 2. Nf3 g6 3. c4 Bg7 4. Nc3 O-O 5. g3 d6 6. Bg2 Nbd7 7. O-O e5 8. e4
c6 9. h3 Re8 10. Re1 exd4 11. Nxd4 a5 12. Be3 Nc5 13. Qc2 Qb6 14. Nb3 Nfd7 15.
Na4 Qb4 16. Nbxc5 Nxc5 17. Bxc5 1-0